| 000 | 00397nam a22001697a 4500 | ||
|---|---|---|---|
| 005 | 20160625105142.0 | ||
| 008 | 160625b xxu||||| |||| 00| 0 eng d | ||
| 020 | _a81-229-0179-4 | ||
| 041 | _aeng | ||
| 082 | _b10144 | ||
| 100 |
_aBloom, Stephen G _92740 |
||
| 245 | _aInside the Writer's Mind | ||
| 260 |
_bSurjeet _c2004 |
||
| 300 | _a279 | ||
| 650 |
_aMass Communication _92660 |
||
| 942 | _cBK | ||
| 999 |
_c3950 _d3949 |
||